Statistics for AFL Quiz

Click here to take the quiz!

General Stats

  • This quiz has been taken 829 times
  • The average score is 8 of 22

Answer Stats

Hint Answer % Correct
Premiers of 2004Port Adelaide
83%
Most number of Premierships won16
81%
The number of games Collingwood won in 20055
79%
The team that has never won a PremiershipFremantle
68%
The number of wins Hawthorn had in 19978
61%
Captain of EssendonJobe Watson
55%
The medal awarded to the player that has kicked the most goals in a seasonColeman Medal
54%
The team that has received the most number of wooden spoonsSt. Kilda
53%
Current coach of the Brisbane LionsMichael Voss
39%
The first non-Victorian team to win a PremiershipWest Coast Eagles
37%
2002 Brownlow MedalistSimon Black
32%
The first year Adelaide received a minor premiership2005
25%
An award given to a standout young player in the AFLRising Star Award
24%
In what year did Carlton receive their first ever wooden spoon?2002
24%
Coach of Port Adelaide from 2011-2012Matthew Primus
21%
Where did Richmond finish on the ladder in 1995?3rd
19%
Norm Smith Medalist of 2002Nathan Buckley
17%
The first pick in the 2004 national draftBrett Deledio
10%
Wooden spooners of 2007Richmond Tigers
8%
Which 2 teams have won 10 Premierships?Richmond and Hawthorn
6%
Most number of wins Adelaide have had in a home-and-away season17 wins
3%
Biggest margin of the 2000's decade (From 2000-2009)157 points
2%

Score Distribution

Percentile by Number Answered

Percent of People with Each Score

Your Score History

You have not taken this quiz